Nerasšifrovannaâ nadpis' na karte Mahmuda Kašgarskogo

Elmentve itt :
Bibliográfiai részletek
Szerző: Hasanov Hamidulla
További közreműködők: Kashghari Mahmud
Dokumentumtípus: Cikk
Megjelent: 1964
Sorozat:Izvestiâ Akademii nauk SSSR : Ser. geografičeskaâ
Kulcsszavak:Magyarok - török forrás - 11. sz.
Tárgyszavak:
Online Access:http://misc.bibl.u-szeged.hu/61640
LEADER 00896nab a2200253 i 4500
001 misc61640
005 20230118090139.0
008 220412s1964 hu o 0|| rus d
040 |a SZTE Miscellanea Repozitórium  |b hun 
041 |a rus 
100 1 |a Hasanov Hamidulla 
245 1 0 |a Nerasšifrovannaâ nadpis' na karte Mahmuda Kašgarskogo  |h [elektronikus dokumentum] /  |c  Hasanov Hamidulla 
260 |c 1964 
300 |a 107-108  |c 26 cm 
300 |a [2] p.  |c 26 cm 
490 0 |a Izvestiâ Akademii nauk SSSR : Ser. geografičeskaâ 
561 |a Németh Gyula hagyaték 
591 |a LOA 1432; NOA 2255 
650 4 |a Bölcsészettudományok 
650 4 |a Történettudomány és régészet 
650 4 |a Nyelvek és irodalom 
695 |a Magyarok - török forrás - 11. sz. 
700 0 1 |a Kashghari Mahmud 
856 4 0 |u http://misc.bibl.u-szeged.hu/61640/1/2255_noa_h39.pdf  |z Dokumentum-elérés